Państwa graniczące z Chorwacją - Statystyki

Ogólne statystyki
  • Ten quiz został rozwiązany 322 razy
  • Średni wynik to 5 z 5
Statystyki odpowiedzi
Kraj % Poprawnych
Bośnia i Hercegowina
96%
Słowenia
94%
Węgry
91%
Serbia
89%
Czarnogóra
87%
Nie znaleziono quizów pasujących do podanych kryteriów
Rozkład punktacji
Procent ludzi z każdym wynikiem
Percentyl według liczby udzielonych odpowiedzi
Twoja historia wyników
Nie rozwiązałeś tego quizu